Geographisches Wissen - Länder & Kontinente - Statistiken

Allgemein
  • Dieses Quiz wurde 53 mal gespielt
  • Das Durchschnittsergebnis liegt bei 12 aus 18
Antwortstatistiken
Frage Antwort % Korrekt
2.2 Welcher Kontinent ist der größte der Erde? Asien
93%
2.1 Wie viele Kontinente gibt es auf der Erde? 7 Kontinente
91%
2.6 Auf welchem Kontinent liegt die Stadt Addis Abeba? Afrika
91%
2.5 Welcher Kontinent ist vollständig von Eis bedeckt? Antarktis
91%
3.2 Welches Land hat die meisten Einwohner der Welt? Indien | China
91%
3.1 Welches Land ist flächenmäßig das größte der Erde? Russland
91%
3.6 Nenne ein Land, welches sich über 2 Kontinente erstreckt. (außer die Länder aus 3.0 und 3.4) Türkei | Kasachstan | Ägypten | Spanien | Dänemark | Griechenland | Indonesien | Japan | Jemen
91%
2.3 Welcher Kontinent ist der kleinste der Erde? Australien/Ozeanien
89%
2.4 Welcher Doppelkontinent ist der größte? Eurasien
83%
3.3 In welchem Land liegt die Stadt Addis Abeba? Äthiopien
76%
3.5 Welches Land ist die "Grenze" zwischen Nord- und Südamerika? Panama
76%
1.6 Welcher Ozean entstand durch das Auseinanderbrechen von des in 1.0 Urkontinents? Atlantischer Ozean
67%
3.4 In welchem Land liegt die Ruinenstadt Petra? Jordanien
65%
1.1 Aus welchem Urkontinent entstanden die heutigen Kontinente? Pangäa
59%
1.4 Wie heißt die Theorie, nach der sich die Kontinente bewegen? Kontinentalverschiebung | Plattentektonik
28%
1.3 Wer stellte die Theorie der Kontinentalverschiebung auf? Alfred Wegener
9%
1.2 Aus welchen 2 Teil-Kontinenten bestand der in 1.1 erwähnte Urkontinent? Laurasia und Gondwana
0%
1.5 Vor wie vielen Millionen Jahren begann der in 1.1 erwähnte Urkontinent auseinanderzubrechen? ungefähr 200 Mio. Jahren
0%
Keine übereinstimmenden Quizze gefunden
Verteilung der Resultate
Anzahl Personen mit jedem Resultat
Perzentil nach korrekt beantworteten Fragen
Ihre Resultats-Entwicklung
Sie haben dieses Quiz noch nicht gespielt